000 00989cam a22003257a 4500
999 _c174342
_d174342
001 3492837
003 Nust
005 20180702081043.0
008 940315s1984 nyu 000 0 eng
010 _a 94130926
020 _a0007121016
_cRs. 276
038 _aArshad
040 _aDLC
_cDLC
_dDLC
050 0 0 _aMLC R CP00815
082 0 0 _a823.912
_bCHR
100 1 _aChristie, Agatha,
_d1890-1976.
_92976
240 1 0 _aThere is a tide
245 1 0 _aTaken at the flood /
_cAgatha Christie.
250 _aBerkley ed.
260 _aNew York :
_bBerkley,
_c2002.
300 _a352 p. ;
_c18 cm.
500 _a"Also published as There is a tide..."
500 _aSource: Copyright deposit.
_5DLC
655 7 _aDetective and mystery stories.
_2gsafd
_92977
710 2 _aBerkley Books.
_911358
710 2 _aCopyright Paperback Collection (Library of Congress)
_5DLC
_91743
906 _a7
_bcbc
_corignew
_du
_encip
_f19
_gy-gencatlg
942 _2ddc
_cBK